[Event "Niederbayern-ch"]
[Site "Vilshofen"]
[Date "2017.04.21"]
[Round "4"]
[White "Haselbeck, Franz"]
[Black "Fuchs, Michael"]
[Result "1/2-1/2"]
[WhiteElo "1911"]
[BlackElo "2105"]
[PlyCount "41"]
[EventDate "2017.04.20"]
[EventType "swiss"]
[EventRounds "7"]
[EventCountry "GER"]
[SourceTitle "EXT 2023"]
[Source "ChessBase"]
[SourceDate "2022.10.05"]
[SourceVersion "1"]
[SourceVersionDate "2022.10.05"]
[SourceQuality "1"]

1. Nf3 Nc6 2. g3 e5 3. d3 Nf6 4. e4 d5 5. Nbd2 dxe4 6. dxe4 Bc5 7. Bg2 0-0 8. 0-0 h6 9. c3 a5 10. a4 Be6 11. Qe2 Nd7 12. Nc4 Qe7 13. Nh4 Nb6 14. Nxb6 Bxb6 15. Nf5 Qf6 16. Ne3 Ne7 17. Kh1 Rad8 18. f4 Bxe3 19. Bxe3 Bd7 20. Qc4 Qc6 21. Qe2 1/2-1/2

[Event "Feffernitz op 25th"]
[Site "Feffernitz"]
[Date "2016.08.22"]
[Round "3"]
[White "Haselbeck, Franz"]
[Black "Koefeler, Christian"]
[Result "1/2-1/2"]
[WhiteElo "1855"]
[BlackElo "2012"]
[PlyCount "66"]
[EventDate "2016.08.21"]
[EventType "swiss"]
[EventRounds "9"]
[EventCountry "AUT"]
[SourceTitle "CBM 174 Extra"]
[Source "ChessBase"]
[SourceDate "2016.10.10"]
[SourceVersion "1"]
[SourceVersionDate "2016.10.10"]
[SourceQuality "1"]

1. Nf3 c5 2. g3 g6 3. Bg2 Bg7 4. 0-0 Nc6 5. d3 d6 6. e4 Bd7 7. c3 Nf6 8. Re1 e5 9. a3 a5 10. a4 0-0 11. Na3 Na7 12. Nc4 Bc6 13. Bg5 h6 14. Bxf6 Bxf6 15. Ne3 Qd7 16. Nd2 Bg5 17. Nec4 Qc7 18. h4 Be7 19. Ne3 b5 20. axb5 Nxb5 21. h5 Kh7 22. Bh3 Ra7 23. hxg6+ fxg6 24. Be6 Bg5 25. Nd5 Qd8 26. Nc4 Nc7 27. Nxc7 Qxc7 28. Qg4 Bb5 29. Kg2 Bxc4 30. Bxc4 Qe7 31. Qe6 Qxe6 32. Bxe6 Rb8 33. Re2 Bd8 1/2-1/2

[Event "Niederbayernliga 1516"]
[Site "Bayern"]
[Date "2015.10.11"]
[Round "1.1"]
[White "Haselbeck, Franz"]
[Black "Schneider, Roland"]
[Result "0-1"]
[WhiteElo "1829"]
[BlackElo "1998"]
[PlyCount "92"]
[EventDate "2015.10.11"]
[EventType "team-tourn"]
[EventRounds "9"]
[EventCountry "GER"]
[SourceTitle "EXT 2023"]
[Source "ChessBase"]
[SourceDate "2022.10.05"]
[SourceVersion "1"]
[SourceVersionDate "2022.10.05"]
[SourceQuality "1"]
[WhiteTeam "Deggendorf II"]
[BlackTeam "Passau II"]
[WhiteTeamCountry "GER"]
[BlackTeamCountry "GER"]

1. Nf3 c5 2. g3 Nc6 3. Bg2 g6 4. 0-0 Bg7 5. d3 Nf6 6. e4 d6 7. c3 0-0 8. Re1 Bg4 9. h3 Bxf3 10. Qxf3 Rc8 11. a4 a6 12. Na3 Nd7 13. Qe2 Na5 14. Be3 Nb3 15. Rad1 Qc7 16. f4 Rb8 17. h4 b5 18. axb5 axb5 19. h5 b4 20. Nb1 bxc3 21. bxc3 Qa5 22. hxg6 hxg6 23. Qg4 Nf6 24. Qh4 Na1 25. e5 Nc2 26. Re2 Nxe3 27. Rxe3 Qa4 28. Rde1 dxe5 29. fxe5 Qxh4 30. gxh4 Ng4 31. Re4 Nxe5 32. d4 cxd4 33. cxd4 Nd3 34. Rd1 e6 35. Na3 Nb4 36. Rg4 Rfd8 37. Kf2 Nd5 38. Nc4 Rb4 39. Ne3 Rb2+ 40. Kf3 Rb3 41. Re1 Bh6 42. Re4 Bxe3 43. R4xe3 Nxe3 44. Rxe3 Rxe3+ 45. Kxe3 Kg7 46. Ke4 Rh8 0-1

[Event "Niederbayern-ch"]
[Site "Regen"]
[Date "2015.06.19"]
[Round "4"]
[White "Haselbeck, Franz"]
[Black "Stadler, Alexander"]
[Result "0-1"]
[WhiteElo "1920"]
[BlackElo "2060"]
[PlyCount "80"]
[EventDate "2015.06.18"]
[EventType "swiss"]
[EventRounds "7"]
[EventCountry "GER"]
[SourceTitle "EXT 2023"]
[Source "ChessBase"]
[SourceDate "2022.10.05"]
[SourceVersion "1"]
[SourceVersionDate "2022.10.05"]
[SourceQuality "1"]

1. Nf3 d6 2. g3 g6 3. Bg2 Bg7 4. d3 e5 5. e4 Ne7 6. c3 0-0 7. 0-0 c5 8. a4 Nbc6 9. Be3 Qb6 10. b4 a5 11. b5 Nd8 12. Na3 Qc7 13. Nc4 b6 14. Nh4 Bb7 15. f4 f6 16. Qb3 Nf7 17. fxe5 fxe5 18. Nd2 Rad8 19. Rf3 d5 20. Raf1 c4 21. dxc4 dxe4 22. R3f2 Rd3 23. Re2 Rxe3 24. Rxe3 Qc5 25. Rfe1 Bh6 26. Nf1 Bxe3+ 27. Nxe3 g5 28. Qd1 gxh4 29. Qg4+ Ng6 30. gxh4 Nh6 31. Qg5 Nf7 32. Qg4 Kh8 33. Kh1 Nf4 34. Qf5 Nd8 35. Qg5 Nde6 36. Qh6 Nxg2 37. Kxg2 Nf4+ 38. Kh1 Nh3 39. Kg2 Rg8+ 40. Kf1 Rg6 0-1

[Event "Niederbayern-ch"]
[Site "Regen"]
[Date "2015.06.18"]
[Round "2"]
[White "Woitylak, Steffen"]
[Black "Haselbeck, Franz"]
[Result "0-1"]
[WhiteElo "2083"]
[BlackElo "1920"]
[PlyCount "56"]
[EventDate "2015.06.18"]
[EventType "swiss"]
[EventRounds "7"]
[EventCountry "GER"]
[SourceTitle "EXT 2023"]
[Source "ChessBase"]
[SourceDate "2022.10.05"]
[SourceVersion "1"]
[SourceVersionDate "2022.10.05"]
[SourceQuality "1"]

1. Nf3 d5 2. b3 Nc6 3. Bb2 Nf6 4. e3 Bg4 5. Be2 e6 6. 0-0 Bd6 7. d4 0-0 8. c4 b6 9. Ne5 Bxe2 10. Qxe2 Bxe5 11. dxe5 Nd7 12. cxd5 Ncxe5 13. f4 Ng6 14. dxe6 fxe6 15. Na3 Nc5 16. Rad1 Qe7 17. b4 Na4 18. Ba1 Qxb4 19. Nb5 Qe7 20. f5 Nh4 21. f6 gxf6 22. Qc4 f5 23. Qxa4 Qg5 24. Rf2 Rad8 25. Re1 Rd3 26. Qc4 Rxe3 27. Rxe3 Qxe3 28. Qxh4 Qe1+ 0-1

[Event "Niederbayernliga 1415"]
[Site "Bayern"]
[Date "2015.02.22"]
[Round "7.1"]
[White "Kampmann, Lutz"]
[Black "Haselbeck, Franz"]
[Result "1/2-1/2"]
[WhiteElo "2176"]
[BlackElo "1873"]
[PlyCount "31"]
[EventDate "2014.10.19"]
[EventType "team-tourn"]
[EventRounds "9"]
[EventCountry "GER"]
[SourceTitle "EXT 2023"]
[Source "ChessBase"]
[SourceDate "2022.10.05"]
[SourceVersion "1"]
[SourceVersionDate "2022.10.05"]
[SourceQuality "1"]
[WhiteTeam "Geiselhoering"]
[BlackTeam "Deggendorf II"]
[WhiteTeamCountry "GER"]
[BlackTeamCountry "GER"]

1. d4 Nf6 2. c4 c5 3. Nf3 e6 4. Nc3 d5 5. cxd5 exd5 6. e3 Nc6 7. Bb5 Bd7 8. 0-0 a6 9. Bxc6 Bxc6 10. dxc5 Bxc5 11. Nd4 Rc8 12. a3 0-0 13. b4 Ba7 14. Bb2 Bb8 15. Qb3 Ng4 16. g3 1/2-1/2

[Event "Niederbayernliga 1415"]
[Site "Bayern"]
[Date "2015.01.18"]
[Round "5.1"]
[White "Heyne, Martin"]
[Black "Haselbeck, Franz"]
[Result "1/2-1/2"]
[WhiteElo "2049"]
[BlackElo "1873"]
[PlyCount "31"]
[EventDate "2014.10.19"]
[EventType "team-tourn"]
[EventRounds "9"]
[EventCountry "GER"]
[SourceTitle "EXT 2023"]
[Source "ChessBase"]
[SourceDate "2022.10.05"]
[SourceVersion "1"]
[SourceVersionDate "2022.10.05"]
[SourceQuality "1"]
[WhiteTeam "Schaibing"]
[BlackTeam "Deggendorf II"]
[WhiteTeamCountry "GER"]
[BlackTeamCountry "GER"]

1. d4 Nf6 2. Nf3 e6 3. g3 d5 4. Bg2 b5 5. 0-0 Bb7 6. a4 b4 7. Nbd2 c5 8. dxc5 Bxc5 9. Nb3 Be7 10. Be3 Nbd7 11. a5 Ba6 12. Re1 Qc7 13. Bf4 e5 14. Bg5 Rc8 15. Rc1 0-0 16. e4 1/2-1/2

[Event "Niederbayernliga 1415"]
[Site "Bayern"]
[Date "2014.11.23"]
[Round "3.1"]
[White "Theiss, Johann"]
[Black "Haselbeck, Franz"]
[Result "1-0"]
[WhiteElo "1991"]
[BlackElo "1873"]
[PlyCount "53"]
[EventDate "2014.10.19"]
[EventType "team-tourn"]
[EventRounds "9"]
[EventCountry "GER"]
[SourceTitle "EXT 2023"]
[Source "ChessBase"]
[SourceDate "2022.10.05"]
[SourceVersion "1"]
[SourceVersionDate "2022.10.05"]
[SourceQuality "1"]
[WhiteTeam "Landau Dingolfing"]
[BlackTeam "Deggendorf II"]
[WhiteTeamCountry "GER"]
[BlackTeamCountry "GER"]

1. d4 Nf6 2. c4 c5 3. d5 e6 4. Nc3 exd5 5. cxd5 d6 6. Nf3 g6 7. Nd2 a6 8. a4 Nbd7 9. e4 Bg7 10. Be2 0-0 11. 0-0 Ne5 12. f4 Neg4 13. Nc4 h5 14. h3 Nh6 15. e5 Ne8 16. Ne4 Nf5 17. g4 hxg4 18. hxg4 Nd4 19. Ncxd6 Nxd6 20. Nxd6 Qh4 21. Rf2 Nxe2+ 22. Qxe2 Bxg4 23. Qe3 Rad8 24. Rh2 Qe7 25. Qg3 Bh5 26. Rxh5 gxh5 27. Nf5 1-0

[Event "Niederbayern-ch"]
[Site "Roehrnbach"]
[Date "2014.04.26"]
[Round "5"]
[White "Woitylak, Steffen"]
[Black "Haselbeck, Franz"]
[Result "1-0"]
[WhiteElo "1888"]
[BlackElo "1827"]
[PlyCount "63"]
[EventDate "2014.04.24"]
[EventType "swiss"]
[EventRounds "7"]
[EventCountry "GER"]
[SourceTitle "EXT 2023"]
[Source "ChessBase"]
[SourceDate "2022.10.05"]
[SourceVersion "1"]
[SourceVersionDate "2022.10.05"]
[SourceQuality "1"]

1. Nf3 f5 2. b3 d6 3. d4 Nf6 4. e3 g6 5. Bc4 Bg7 6. 0-0 d5 7. Be2 0-0 8. c4 c6 9. a4 Ne4 10. Qc2 Nd7 11. Nc3 e6 12. Ba3 Re8 13. Rad1 g5 14. Ne1 g4 15. Nxe4 fxe4 16. Bxg4 Qg5 17. Qe2 Nf6 18. Bh3 e5 19. Bxc8 Raxc8 20. dxe5 Ng4 21. cxd5 Bxe5 22. h3 Nh2 23. f4 exf3 24. Nxf3 Nxf3+ 25. Qxf3 cxd5 26. Rxd5 Qg7 27. Bc5 b6 28. Rxe5 bxc5 29. Qd5+ Kh8 30. Rxe8+ Rxe8 31. Qxc5 Qb2 32. Rf8+ 1-0

[Event "Regionalliga SO 1213"]
[Site "Bayern"]
[Date "2013.04.14"]
[Round "9.5"]
[White "Billenkamp, Thomas"]
[Black "Haselbeck, Franz"]
[Result "0-1"]
[WhiteElo "1920"]
[BlackElo "1827"]
[PlyCount "60"]
[EventDate "2012.10.14"]
[EventType "team-tourn"]
[EventRounds "9"]
[EventCountry "GER"]
[SourceTitle "EXT 2015"]
[Source "ChessBase"]
[SourceDate "2014.11.20"]
[SourceVersion "1"]
[SourceVersionDate "2014.11.20"]
[SourceQuality "1"]
[WhiteTeam "Tegernsee"]
[BlackTeam "Deggendorf"]
[WhiteTeamCountry "GER"]
[BlackTeamCountry "GER"]

1. Nf3 Nc6 2. c4 e5 3. d3 Bc5 4. Nc3 d6 5. g3 Nf6 6. Bg2 a5 7. 0-0 Be6 8. Bg5 h6 9. Bxf6 gxf6 10. Nd5 Nb4 11. Nd2 c6 12. Nc3 f5 13. a3 Na6 14. e3 h5 15. h4 f4 16. exf4 exf4 17. Kh2 Bxf2 18. Rxf2 fxg3+ 19. Kxg3 Rg8+ 20. Kh2 Qxh4+ 21. Kg1 0-0-0 22. Nf3 Qg4 23. Ne4 Qg7 24. Qd2 d5 25. cxd5 Rxd5 26. Rc1 h4 27. Kh2 Rh5 28. Qf4 Nc7 29. Rc5 Rxc5 30. Nxc5 Qg3+ 0-1

[Event "Regionalliga SO 1112"]
[Site "Bayern"]
[Date "2011.11.20"]
[Round "3.5"]
[White "Haselbeck, Franz"]
[Black "Appel, Eder Vlamir"]
[Result "0-1"]
[WhiteElo "1910"]
[BlackElo "2029"]
[PlyCount "82"]
[EventDate "2011.10.02"]
[EventType "team-tourn"]
[EventRounds "9"]
[EventCountry "GER"]
[SourceTitle "EXT 2013"]
[Source "ChessBase"]
[SourceDate "2012.11.22"]
[SourceVersion "1"]
[SourceVersionDate "2012.11.22"]
[SourceQuality "1"]
[WhiteTeam "Deggendorf"]
[BlackTeam "Ingolstadt II"]
[WhiteTeamCountry "GER"]
[BlackTeamCountry "GER"]

1. Nf3 Nf6 2. g3 d5 3. Bg2 g6 4. 0-0 Bg7 5. d3 0-0 6. Nbd2 c5 7. e4 e6 8. Re1 Nc6 9. c3 dxe4 10. dxe4 e5 11. Qe2 Qe7 12. Nc4 h6 13. a4 b6 14. Ne3 Be6 15. Nh4 Rad8 16. Nc4 Nh5 17. Bf1 Kh7 18. Nf5 gxf5 19. Qxh5 fxe4 20. h4 Qd7 21. Ne3 f5 22. Bg2 Qf7 23. Qe2 Kh8 24. Bh3 Rd3 25. f3 Rfd8 26. fxe4 f4 27. Bxe6 Qxe6 28. Nf5 Ne7 29. gxf4 Nxf5 30. exf5 Qxf5 31. Be3 exf4 32. Bf2 Rd2 33. Qe6 Qxe6 34. Rxe6 Rxb2 35. a5 Rdd2 36. axb6 axb6 37. Re8+ Kh7 38. Be1 Rg2+ 39. Kf1 Rh2 40. Kg1 Rbg2+ 41. Kf1 f3 0-1

[Event "Augsburg Afro op-A 18th"]
[Site "Augsburg"]
[Date "2011.08.06"]
[Round "6"]
[White "Haselbeck, Franz"]
[Black "Friedrich, Wolfgang"]
[Result "1-0"]
[WhiteElo "1936"]
[BlackElo "2062"]
[PlyCount "65"]
[EventDate "2011.08.04"]
[EventType "swiss"]
[EventRounds "7"]
[EventCountry "GER"]
[SourceTitle "EXT 2015"]
[Source "ChessBase"]
[SourceDate "2014.11.20"]
[SourceVersion "1"]
[SourceVersionDate "2014.11.20"]
[SourceQuality "1"]

1. Nf3 f5 2. g3 Nf6 3. Bg2 d6 4. d3 e5 5. Nbd2 Nc6 6. e4 Be7 7. c3 fxe4 8. dxe4 Be6 9. Ng5 Qd7 10. Nxe6 Qxe6 11. Qe2 0-0-0 12. Nc4 Rhe8 13. b4 d5 14. exd5 Nxd5 15. Bd2 Bf6 16. 0-0 Kb8 17. Rab1 Rd7 18. Na5 Nd8 19. c4 Nb6 20. Be3 e4 21. Rfc1 Rd3 22. Rb3 Rxb3 23. Nxb3 Nc6 24. Nc5 Qf5 25. a3 Bd4 26. Nb3 Bxe3 27. Qxe3 Qe6 28. b5 Ne5 29. Qxe4 c6 30. Nd4 Qf7 31. bxc6 Nexc4 32. c7+ Kc8 33. Qxb7+ 1-0